[Event "26th Abu Dhabi Masters"]
[Site "Abu Dhabi UAE"]
[Date "2019.08.05"]
[Round "5.45"]
[White "Vatsal, Singhania"]
[Black "Soumya, Sw"]
[Result "0-1"]
[WhiteElo "2087"]
[BlackElo "2377"]
[PlyCount "202"]
[EventDate "2019.08.02"]
[EventType "swiss"]
[EventRounds "9"]
[EventCountry "UAE"]
[SourceTitle "OM OTB B 201907"]
[Source "Opening Master"]
[SourceDate "2019.07.06"]
[SourceVersion "2"]
[SourceVersionDate "2019.07.06"]
[SourceQuality "1"]

1. e4 c5 2. Nf3 Nc6 3. d4 cxd4 4. Nxd4 Nf6 5. Nc3 d6 6. Be2 e5 7. Nf3 h6 8. O-O
Be7 9. Re1 O-O 10. h3 Be6 11. Bf1 Nb8 12. b3 a6 13. a4 Nbd7 14. Bb2 Qc7 15. Nd2
Qc6 16. Qf3 Nc5 17. Bc4 Rae8 18. a5 Bd8 19. Red1 Bxc4 20. Nxc4 Bc7 21. Re1 Kh8
22. Nd5 Nxd5 23. exd5 Qb5 24. Qf5 Rd8 25. g4 Qd7 26. Ba3 Qe7 27. Bxc5 dxc5 28.
Nxe5 Qd6 29. c4 Kg8 30. f4 g6 31. Qd3 Rfe8 32. Qg3 Qf6 33. Nd3 Qd4+ 34. Kg2 g5
35. Rxe8+ Rxe8 36. Re1 Rxe1 37. Nxe1 Bxf4 38. Qd3 Qb2+ 39. Qc2 Qa1 40. Qe2 Qxa5
41. Nd3 Bd6 42. Nf2 Qc3 43. Qf3 Qb2 44. Qe3 Kg7 45. Kf3 Qf6+ 46. Kg2 b5 47.
cxb5 axb5 48. Qd3 Qe5 49. Kf1 Qa1+ 50. Kg2 Qe5 51. Kf1 b4 52. Qe2 Qxd5 53. Ne4
Be5 54. Qf3 Qd4 55. Qe2 Bf4 56. Kg2 Qd5 57. Qc2 Be3 58. Kf3 Bd4 59. Kg2 h5 60.
Kh2 Qe5+ 61. Kg2 h4 62. Qd3 Qf4 63. Qf3 Qc1 64. Qd3 Qg1+ 65. Kf3 Qh1+ 66. Ke2
Qc1 67. Qd2 Qxd2+ 68. Nxd2 f5 69. Kf3 Kf6 70. Nc4 Ke6 71. gxf5+ Kxf5 72. Nd6+
Ke5 73. Nc4+ Kd5 74. Nb6+ Ke6 75. Nc4 Be5 76. Ke4 Bf4 77. Na5 Bh2 78. Nc4 Bg1
79. Na5 g4 80. hxg4 h3 81. Kf3 h2 82. Kg2 Kf6 83. Kh1 Kg5 84. Kg2 Kxg4 85. Kh1
Kf4 86. Kg2 Ke4 87. Kh1 Kd3 88. Kg2 Kc3 89. Kh1 Bd4 90. Kg2 Be3 91. Kh1 Bg5 92.
Kxh2 Bf4+ 93. Kg2 Bc7 94. Nc4 Kxb3 95. Nd2+ Kc2 96. Nc4 b3 97. Kf3 b2 98. Ke4
b1=Q 99. Na3+ Kb2+ 100. Nxb1 Kxb1 101. Kd5 Bb6 0-1

[Event "SE-00299"]
[Site "LSS"]
[Date "2019.08.02"]
[Round "?"]
[White "Couspeyre, Thierry"]
[Black "Hogan, Bernardo"]
[Result "0-1"]
[WhiteElo "1259"]
[BlackElo "1402"]
[PlyCount "64"]
[EventDate "2019.05.18"]
[SourceTitle "LSS to Dec2020"]
[Source "LSS ed TH"]
[SourceDate "2021.01.12"]
[SourceVersion "3"]
[SourceVersionDate "2021.01.12"]
[SourceQuality "1"]

1. e4 c5 2. Nf3 d6 3. d4 cxd4 4. Nxd4 Nf6 5. Nc3 Nc6 6. Be2 e5 7. Nb3 Be6 8.
O-O Be7 9. Be3 h5 10. Qd2 Ng4 11. f4 Nxe3 12. Qxe3 exf4 13. Qxf4 Bg5 14. Qf2
Qf6 15. Qg3 Qe5 16. Qxe5 Nxe5 17. Nb5 Ke7 18. Rfd1 Be3+ 19. Kf1 Rh6 20. N3d4
Rf6+ 21. Nf3 Nxf3 22. gxf3 Rg6 23. Bd3 Bb6 24. Nc3 Rg1+ 25. Ke2 Rg2+ 26. Ke1
Rxh2 27. Nd5+ Bxd5 28. exd5 Kf8 29. Rdb1 Re8+ 30. Kd1 Bd8 31. b4 Bg5 32. a4
Rh1+ 0-1

[Event "37th Andorra Open 2019"]
[Site "Escaldes AND"]
[Date "2019.08.01"]
[Round "6.11"]
[White "Vogt, L."]
[Black "Thybo, Jesper Sondergaard"]
[Result "0-1"]
[WhiteElo "2360"]
[BlackElo "2528"]
[PlyCount "84"]
[EventDate "2019.07.27"]
[EventType "swiss"]
[EventRounds "9"]
[EventCountry "AND"]
[SourceTitle "OM OTB B 201907"]
[Source "Opening Master"]
[SourceDate "2019.07.06"]
[SourceVersion "2"]
[SourceVersionDate "2019.07.06"]
[SourceQuality "1"]

1. e4 c5 2. Nf3 d6 3. d4 cxd4 4. Nxd4 Nf6 5. Nc3 Nc6 6. Be2 e5 7. Nf3 h6 8. O-O
Be7 9. Re1 O-O 10. h3 a6 11. Bf1 Qc7 12. b3 Nb8 13. Bb2 Nbd7 14. a4 b6 15. Bc4
Bb7 16. Rc1 Rfc8 17. Nd2 Bc6 18. Nf1 Qb7 19. Ne3 b5 20. axb5 axb5 21. Bd5 Nb6
22. Bxc6 Qxc6 23. Qd3 b4 24. Ncd5 Nbxd5 25. exd5 Qc5 26. Nf5 Bf8 27. Ne3 Ra2
28. Rb1 g6 29. Bc1 h5 30. Rd1 Qc3 31. Qb5 Ne4 32. Qe2 Qc5 33. Bb2 Bh6 34. Nc4
f5 35. Ra1 Rca8 36. Rxa2 Rxa2 37. Kf1 Bf4 38. Rd3 h4 39. Ke1 Bh6 40. f3 Ng3 41.
Qf2 Qc7 42. Rd1 Rxb2 0-1

[Event "30th Czech Open B 2019"]
[Site "Pardubice CZE"]
[Date "2019.07.27"]
[Round "9.21"]
[White "Kunc, Jan"]
[Black "Eliseev, Sergey"]
[Result "1-0"]
[WhiteElo "1919"]
[BlackElo "2053"]
[PlyCount "142"]
[EventDate "2019.07.19"]
[EventType "swiss"]
[EventRounds "9"]
[EventCountry "CZE"]
[SourceTitle "OM OTB B 201907"]
[Source "Opening Master"]
[SourceDate "2019.07.06"]
[SourceVersion "2"]
[SourceVersionDate "2019.07.06"]
[SourceQuality "1"]

1. e4 c5 2. Nf3 d6 3. d4 cxd4 4. Nxd4 Nf6 5. Nc3 Nc6 6. Be2 e5 7. Nb3 Be7 8.
O-O O-O 9. Be3 a5 10. a4 Nb4 11. f4 exf4 12. Bxf4 d5 13. exd5 Nfxd5 14. Nxd5
Nxd5 15. Kh1 Bg5 16. Bxg5 Qxg5 17. Qd2 Ne3 18. Bf3 Rd8 19. Nd4 Qe5 20. Rfe1
Qxd4 21. Qxd4 Rxd4 22. Rxe3 Be6 23. Kg1 Rc8 24. c3 Rd2 25. Re2 Rxe2 26. Bxe2
Bb3 27. Kf2 g6 28. Bd1 Bd5 29. Bc2 Rc4 30. Rd1 Bc6 31. Rd4 Rxd4 32. cxd4 Kf8
33. g3 Ke7 34. Ke3 Kd6 35. Bb3 Bd5 36. Bd1 f5 37. Kf4 Bc4 38. Bf3 b6 39. Bd1
Kd5 40. Ke3 Kd6 41. h4 h6 42. Bc2 Ke6 43. Kf4 Kf6 44. Bd1 Ke6 45. Bc2 Kd5 46.
h5 gxh5 47. Kxf5 Kxd4 48. Kg6 Ke3 49. Kxh5 Be2+ 50. g4 Kd2 51. Bf5 Kc1 52. b3
Kb2 53. Be6 b5 54. Kxh6 bxa4 55. bxa4 Ka3 56. g5 Bd3 57. Bd7 Kb4 58. g6 Bxg6
59. Kxg6 Kc5 60. Kf6 Kd6 61. Bb5 Kc7 62. Ke7 Kc8 63. Kd6 Kb7 64. Kc5 Ka7 65.
Bc4 Kb8 66. Kb5 Ka7 67. Kxa5 Kb7 68. Kb5 Ka7 69. a5 Ka8 70. Kb6 Kb8 71. a6 Kc8
1-0

[Event "16th Sea Festival Rapid"]
[Site "Klaipeda LTU"]
[Date "2019.07.27"]
[Round "3.13"]
[White "Zirnovas, M."]
[Black "Barsciauskas, G."]
[Result "1-0"]
[WhiteElo "1777"]
[BlackElo "1598"]
[PlyCount "73"]
[EventDate "2019.07.27"]
[EventType "swiss (rapid)"]
[EventRounds "7"]
[EventCountry "LTU"]
[SourceTitle "OM OTB B 201907"]
[Source "Opening Master"]
[SourceDate "2019.07.06"]
[SourceVersion "2"]
[SourceVersionDate "2019.07.06"]
[SourceQuality "1"]

1. e4 c5 2. Nf3 d6 3. d4 cxd4 4. Nxd4 Nf6 5. Nc3 Nc6 6. Be2 e5 7. Nxc6 bxc6 8.
O-O Be7 9. f4 O-O 10. Be3 Qa5 11. Qd2 Ng4 12. Nd5 Bh4 13. Qxa5 cxd5 14. Bxg4
Bxg4 15. fxe5 dxe4 16. exd6 Bd7 17. c4 Bd8 18. Qd5 Bf6 19. Rxf6 gxf6 20. Bd4
Rae8 21. Bxf6 h6 22. Re1 e3 23. Bd4 e2 24. Qf3 Kh7 25. Rxe2 Rxe2 26. Qxe2 Re8
27. Qd3+ f5 28. c5 Re4 29. Bc3 Kg6 30. Qg3+ Rg4 31. Qe5 Kh5 32. h3 Re4 33. g4+
Kh4 34. Qf6+ Kxh3 35. Qxh6+ Kxg4 36. Qg7+ Kf4 37. Qxd7 1-0

[Event "Xtracon Chess Open 2019"]
[Site "Helsingor DEN"]
[Date "2019.07.26"]
[Round "8.53"]
[White "Rossen, C."]
[Black "Nilsson, Eskil"]
[Result "1/2-1/2"]
[WhiteElo "2217"]
[BlackElo "2053"]
[PlyCount "92"]
[EventDate "2019.07.20"]
[EventType "swiss"]
[EventRounds "10"]
[EventCountry "DEN"]
[SourceTitle "OM OTB B 201907"]
[Source "Opening Master"]
[SourceDate "2019.07.06"]
[SourceVersion "2"]
[SourceVersionDate "2019.07.06"]
[SourceQuality "1"]

1. e4 c5 2. Nf3 Nc6 3. d4 cxd4 4. Nxd4 Nf6 5. Nc3 d6 6. Be2 e5 7. Nb3 Be7 8.
O-O O-O 9. f4 a5 10. Be3 exf4 11. Rxf4 Be6 12. Nd5 Bxd5 13. exd5 Ne5 14. c4
Nfd7 15. Rf1 Bg5 16. Bxg5 Qxg5 17. Qc1 Qxc1 18. Raxc1 b6 19. Nd4 Nc5 20. Rcd1
g6 21. g4 h6 22. h4 Kg7 23. Rf4 Rfe8 24. b3 Ned7 25. Rdf1 Re7 26. g5 hxg5 27.
hxg5 Ne5 28. Bf3 Rh8 29. Nc6 Ree8 30. Rf6 Nb7 31. Bg4 Nd8 32. Bd1 Ndxc6 33.
dxc6 Re6 34. Kg2 Rc8 35. Bf3 Rxf6 36. gxf6+ Kh6 37. Rd1 Nxf3 38. Kxf3 Rxc6 39.
Rd5 g5 40. Kg4 Kg6 41. Rxg5+ Kxf6 42. Rb5 Ke6 43. Kf4 a4 44. Ke4 axb3 45. axb3
Kd7 46. Rf5 Ke6 1/2-1/2

[Event "30th Czech Open B 2019"]
[Site "Pardubice CZE"]
[Date "2019.07.24"]
[Round "6.8"]
[White "Hendriks, V."]
[Black "Cerny, David"]
[Result "1/2-1/2"]
[WhiteElo "2182"]
[BlackElo "2051"]
[PlyCount "54"]
[EventDate "2019.07.19"]
[EventType "swiss"]
[EventRounds "9"]
[EventCountry "CZE"]
[SourceTitle "OM OTB B 201907"]
[Source "Opening Master"]
[SourceDate "2019.07.06"]
[SourceVersion "2"]
[SourceVersionDate "2019.07.06"]
[SourceQuality "1"]

1. e4 c5 2. Nf3 d6 3. d4 cxd4 4. Nxd4 Nf6 5. Nc3 Nc6 6. Be2 e5 7. Nb3 Be6 8. f4
exf4 9. Bxf4 Be7 10. Qd2 d5 11. exd5 Nxd5 12. Nxd5 Qxd5 13. O-O O-O 14. c3 a5
15. Qxd5 Bxd5 16. Nd2 Rfe8 17. Bb5 f6 18. Kh1 Bc5 19. b3 Rad8 20. Nf3 Re4 21.
Bg3 Re3 22. Rac1 Ba3 23. Rc2 Be4 24. Re2 Rxe2 25. Bxe2 Bb2 26. Be1 Bd3 27. Rf2
Bxe2 1/2-1/2

[Event "TCh-MNE Premier 2019"]
[Site "Podgorica MNE"]
[Date "2019.07.22"]
[Round "3.5"]
[White "Bujisic, V."]
[Black "Pobor, Danilo"]
[Result "1/2-1/2"]
[WhiteElo "2168"]
[BlackElo "1996"]
[PlyCount "72"]
[EventDate "2019.07.20"]
[EventType "team"]
[EventRounds "9"]
[EventCountry "MNE"]
[SourceTitle "OM OTB B 201907"]
[Source "Opening Master"]
[SourceDate "2019.07.06"]
[SourceVersion "2"]
[SourceVersionDate "2019.07.06"]
[SourceQuality "1"]
[WhiteTeam "Rudar"]
[BlackTeam "Crnogorac"]

1. e4 c5 2. Nf3 d6 3. d4 cxd4 4. Nxd4 Nf6 5. Nc3 Nc6 6. Be2 e5 7. Nb3 Be7 8.
O-O O-O 9. Be3 a5 10. a4 Nb4 11. f4 Be6 12. Kh1 Rc8 13. Bg1 exf4 14. Rxf4 d5
15. Nd4 Bd6 16. Rh4 Be5 17. Nxe6 fxe6 18. exd5 Nfxd5 19. Rh5 Bxc3 20. bxc3 Nxc3
21. Qxd8 Rfxd8 22. Bg4 Rc6 23. Rxa5 Nbd5 24. h3 Nf6 25. Bf3 Ncd5 26. Rb1 Rd7
27. Rc5 Rxc5 28. Bxc5 Rc7 29. Bg1 Rc4 30. a5 Rc7 31. c4 Rxc4 32. Rxb7 Ra4 33.
Ra7 Nf4 34. a6 N6h5 35. Ra8+ Kf7 36. a7 Ng3+ 1/2-1/2

[Event "21st Sant Marti Open 2019"]
[Site "Barcelona ESP"]
[Date "2019.07.21"]
[Round "9.37"]
[White "Jul Perez, Alberto"]
[Black "Davtyan, David Arm."]
[Result "0-1"]
[WhiteElo "1987"]
[BlackElo "2231"]
[PlyCount "66"]
[EventDate "2019.07.13"]
[EventType "swiss"]
[EventRounds "9"]
[EventCountry "ESP"]
[SourceTitle "OM OTB B 201907"]
[Source "Opening Master"]
[SourceDate "2019.07.06"]
[SourceVersion "2"]
[SourceVersionDate "2019.07.06"]
[SourceQuality "1"]

1. e4 c5 2. Nf3 Nc6 3. d4 cxd4 4. Nxd4 Nf6 5. Nc3 d6 6. Be2 e5 7. Nb3 Be7 8.
Be3 O-O 9. O-O a5 10. Nd2 Nd4 11. Bd3 Be6 12. Nd5 Nxd5 13. exd5 Bd7 14. Bxd4
exd4 15. Re1 f5 16. Qf3 Bf6 17. Re2 b5 18. Rae1 Be5 19. a4 Qb6 20. Qh5 Rae8 21.
axb5 Bxb5 22. Bxf5 Rxf5 23. Qxf5 Bxe2 24. Rxe2 Qb5 25. Re4 Qxd5 26. f4 d3 27.
c3 Bd4+ 28. cxd4 Qxf5 29. Rxe8+ Kf7 30. Re3 Qb5 31. b3 a4 32. bxa4 Qxa4 33.
Rxd3 Qc2 0-1

[Event "30th Czech Open B 2019"]
[Site "Pardubice CZE"]
[Date "2019.07.21"]
[Round "3.21"]
[White "Yaghy, Ritta."]
[Black "Maslak, A."]
[Result "1/2-1/2"]
[WhiteElo "1912"]
[BlackElo "2110"]
[PlyCount "37"]
[EventDate "2019.07.19"]
[EventType "swiss"]
[EventRounds "9"]
[EventCountry "CZE"]
[SourceTitle "OM OTB B 201907"]
[Source "Opening Master"]
[SourceDate "2019.07.06"]
[SourceVersion "2"]
[SourceVersionDate "2019.07.06"]
[SourceQuality "1"]

1. e4 c5 2. Nf3 Nc6 3. d4 cxd4 4. Nxd4 Nf6 5. Nc3 d6 6. Be2 e5 7. Nb3 Be7 8.
Be3 O-O 9. O-O a5 10. Bb5 Be6 11. Qe1 Nb4 12. Rc1 Rc8 13. Qe2 d5 14. exd5 Nfxd5
15. Nxd5 Nxd5 16. Bd2 b6 17. Rfd1 Qc7 18. c4 Nf6 19. h3 1/2-1/2

[Event "Xtracon Chess Open 2019"]
[Site "Helsingor DEN"]
[Date "2019.07.21"]
[Round "2.125"]
[White "Gottschalck, C."]
[Black "Christensen, Tommy"]
[Result "1-0"]
[WhiteElo "1684"]
[BlackElo "1908"]
[PlyCount "55"]
[EventDate "2019.07.20"]
[EventType "swiss"]
[EventRounds "10"]
[EventCountry "DEN"]
[SourceTitle "OM OTB B 201907"]
[Source "Opening Master"]
[SourceDate "2019.07.06"]
[SourceVersion "2"]
[SourceVersionDate "2019.07.06"]
[SourceQuality "1"]

1. e4 c5 2. Nf3 Nc6 3. d4 cxd4 4. Nxd4 Nf6 5. Nc3 d6 6. Be2 e5 7. Nb3 Be7 8.
Be3 O-O 9. O-O a5 10. a4 Be6 11. Nd2 Rc8 12. f4 d5 13. exd5 Bxd5 14. fxe5 Nxe5
15. Nxd5 Qxd5 16. c3 Bc5 17. Bxc5 Qxc5+ 18. Kh1 Rcd8 19. Qe1 Rfe8 20. Nb3 Qb6
21. Nd4 Ne4 22. Bb5 Nc6 23. Qh4 Rd6 24. Rae1 g5 25. Rxe4 gxh4 26. Rxe8+ Kg7 27.
Nf5+ Kg6 28. Rg8+ 1-0

[Event "TCh-CHN B 2019"]
[Site "Harbin CHN"]
[Date "2019.07.21"]
[Round "2.3"]
[White "Gao, Kai"]
[Black "Xu, Yining"]
[Result "0-1"]
[WhiteElo "1855"]
[BlackElo "2377"]
[PlyCount "36"]
[EventDate "2019.07.20"]
[EventType "team"]
[EventRounds "9"]
[EventCountry "CHN"]
[SourceTitle "OM OTB B 201907"]
[Source "Opening Master"]
[SourceDate "2019.07.06"]
[SourceVersion "2"]
[SourceVersionDate "2019.07.06"]
[SourceQuality "1"]
[WhiteTeam "Ningbo Huangli School"]
[BlackTeam "Shanghai  Qi Yuan"]

1. e4 c5 2. Nf3 Nc6 3. d4 cxd4 4. Nxd4 Nf6 5. Nc3 d6 6. Be2 e5 7. Nb3 Be7 8.
O-O O-O 9. f3 Be6 10. Bg5 Nxe4 11. Nxe4 Bxg5 12. Nxg5 Qxg5 13. Qxd6 Qe3+ 14.
Rf2 Bxb3 15. cxb3 Rad8 16. Qc7 Rd2 17. Re1 Nb4 18. Qc3 Nd3 0-1

[Event "30th Czech Rapid G1 2019"]
[Site "Pardubice CZE"]
[Date "2019.07.18"]
[Round "4.68"]
[White "Iro, Christian"]
[Black "Voriskova, Anna"]
[Result "0-1"]
[WhiteElo "2077"]
[BlackElo "1675"]
[PlyCount "72"]
[EventDate "2019.07.17"]
[EventType "swiss (rapid)"]
[EventRounds "9"]
[EventCountry "CZE"]
[SourceTitle "OM OTB B 201907"]
[Source "Opening Master"]
[SourceDate "2019.07.06"]
[SourceVersion "2"]
[SourceVersionDate "2019.07.06"]
[SourceQuality "1"]

1. e4 c5 2. Nf3 Nc6 3. d4 cxd4 4. Nxd4 Nf6 5. Nc3 d6 6. Be2 e5 7. Nb3 Be7 8.
O-O Be6 9. Be3 O-O 10. f3 a5 11. Nd5 a4 12. Bb6 Qd7 13. Nc1 Bd8 14. Nxf6+ gxf6
15. Be3 Kh8 16. Qd2 Rg8 17. Rd1 Be7 18. Nd3 Qe8 19. Ne1 Rd8 20. c4 f5 21. exf5
Bxf5 22. Bd3 Bxd3 23. Qxd3 Nb4 24. Qc3 Nc6 25. Qa3 f5 26. Qd3 Qg6 27. Bb6 Rd7
28. a3 Bh4 29. Rd2 e4 30. Bd4+ Nxd4 31. Qxd4+ Bf6 32. Qe3 Qg7 33. Rb1 Bg5 34.
f4 Bf6 35. b4 Bc3 36. Rc2 Bd4 0-1

[Event "1st Thailand Festival"]
[Site "Pattaya THA"]
[Date "2019.07.16"]
[Round "9.8"]
[White "Nguyen, Hoang Duc"]
[Black "Andyka, Pitra"]
[Result "1-0"]
[WhiteElo "2071"]
[BlackElo "2305"]
[PlyCount "143"]
[EventDate "2019.07.09"]
[EventType "swiss"]
[EventRounds "9"]
[EventCountry "THA"]
[SourceTitle "OM OTB B 201907"]
[Source "Opening Master"]
[SourceDate "2019.07.06"]
[SourceVersion "2"]
[SourceVersionDate "2019.07.06"]
[SourceQuality "1"]

1. e4 c5 2. Nf3 d6 3. Nc3 Nc6 4. d4 cxd4 5. Nxd4 Nf6 6. Be2 e5 7. Nf3 h6 8. O-O
Be7 9. Re1 O-O 10. h3 Be6 11. Bf1 Rc8 12. a3 a6 13. Nd5 Bxd5 14. exd5 Nb8 15.
a4 Nbd7 16. c4 a5 17. Nh4 Re8 18. Nf5 Bf8 19. Ra3 Kh7 20. Qd2 Ng8 21. b4 g6 22.
Ng3 f5 23. bxa5 Nc5 24. Qb4 Nf6 25. Bd2 Bg7 26. Qb1 e4 27. Rd1 Nfd7 28. Bb4 Qh4
29. Ne2 f4 30. g3 fxg3 31. Rxg3 Rf8 32. Bc3 Ne5 33. Bg2 Rf7 34. Rd4 Qf6 35. f4
Nxa4 36. Rxe4 Nxc3 37. Rxc3 Nd7 38. Re6 Qh4 39. Qxg6+ Kg8 40. Qg3 Qxg3 41. Rxg3
Rf6 42. Re7 Rf7 43. Re6 Rf6 44. Rxf6 Nxf6 45. Rb3 Rxc4 46. Rxb7 Ra4 47. Ra7 Nh5
48. Ra8+ Kf7 49. Ra7+ Kf8 50. f5 Be5 51. Kf2 Ra2 52. Ra8+ Ke7 53. Ke3 Ra3+ 54.
Kd2 Nf4 55. Nxf4 Bxf4+ 56. Ke2 Kf6 57. a6 Be3 58. Be4 Bc5 59. Bd3 Ra2+ 60. Kd1
Ke5 61. Bc2 Ra1+ 62. Ke2 Kxd5 63. Re8 Ra2 64. Kd2 Bb4+ 65. Kc1 Ba3+ 66. Kb1
Rb2+ 67. Ka1 Rb6 68. a7 Bb2+ 69. Ka2 Ra6+ 70. Kxb2 Rxa7 71. f6 Ra3 72. Kc1 1-0

[Event "Najdorf Mem Open A 2019"]
[Site "Warsaw POL"]
[Date "2019.07.13"]
[Round "8.4"]
[White "Heberla, B."]
[Black "Galperin, Platon"]
[Result "1-0"]
[WhiteElo "2534"]
[BlackElo "2445"]
[PlyCount "81"]
[EventDate "2019.07.06"]
[EventType "swiss"]
[EventRounds "9"]
[EventCountry "POL"]
[SourceTitle "OM OTB B 201907"]
[Source "Opening Master"]
[SourceDate "2019.07.06"]
[SourceVersion "2"]
[SourceVersionDate "2019.07.06"]
[SourceQuality "1"]

1. e4 c5 2. Nf3 Nc6 3. Nc3 d6 4. d4 cxd4 5. Nxd4 Nf6 6. Be2 e5 7. Nf3 h6 8. O-O
Be7 9. Re1 O-O 10. h3 Be6 11. Bf1 Qa5 12. a3 Rac8 13. Rb1 Nb8 14. Nh4 Nc6 15.
Nf3 Nb8 16. Nb5 d5 17. exd5 Bxd5 18. Nxe5 Rfd8 19. Bd2 Qb6 20. Nc3 Bc5 21. Nd3
Bc6 22. Nxc5 Qxc5 23. Be3 Qa5 24. Qe2 Nbd7 25. Rbd1 Re8 26. Nb5 Bxb5 27. Qxb5
Qc7 28. c3 a6 29. Qf5 Qc6 30. Bd4 b5 31. Be2 Qc7 32. Bd3 Qc6 33. Bb1 Nf8 34.
Ba2 Rc7 35. Rxe8 Nxe8 36. Re1 Nf6 37. Re3 Rd7 38. Rg3 Kh8 39. Kh2 Re7 40. Qc5
Qd7 41. Bxf6 1-0

[Event "Villa Tehuelches Open"]
[Site "Villa Tehuelches CHI"]
[Date "2019.07.13"]
[Round "6.1"]
[White "Alonso, S."]
[Black "Henriquez Villagra, C."]
[Result "0-1"]
[WhiteElo "2500"]
[BlackElo "2560"]
[PlyCount "132"]
[EventDate "2019.07.11"]
[EventType "swiss"]
[EventRounds "7"]
[EventCountry "CHI"]
[SourceTitle "OM OTB B 201907"]
[Source "Opening Master"]
[SourceDate "2019.07.06"]
[SourceVersion "2"]
[SourceVersionDate "2019.07.06"]
[SourceQuality "1"]

1. e4 c5 2. Nf3 d6 3. d4 cxd4 4. Nxd4 Nf6 5. Nc3 Nc6 6. Be2 e5 7. Nf3 Be7 8.
O-O h6 9. Re1 O-O 10. h3 Qc7 11. Bf1 a6 12. Be3 b5 13. Qd2 Na5 14. b3 Nb7 15.
a4 b4 16. Nd5 Nxd5 17. exd5 a5 18. Bc4 Nc5 19. Qc1 Bf6 20. c3 e4 21. Nd4 bxc3
22. Qxc3 Nd3 23. Re2 Ba6 24. Rc2 Qb7 25. Rd1 Nb4 26. Rcd2 Rfc8 27. Qb2 Bxc4 28.
bxc4 Rxc4 29. Qb1 Qxd5 30. Ne2 Nd3 31. Nf4 Qc6 32. Nxd3 exd3 33. Rxd3 Rb4 34.
Qc1 Qxc1 35. Rxc1 Be5 36. Rd5 Rxa4 37. Bd2 Ra2 38. g3 a4 39. Bb4 a3 40. Rd3 d5
41. Kg2 Bf6 42. Rcd1 Kh7 43. Rf3 Kg6 44. Rdd3 Bb2 45. Rd1 f6 46. Rfd3 Be5 47.
Rf3 h5 48. h4 Ra4 49. Bc5 Ra6 50. Rdd3 Bb2 51. Rd1 Rc6 52. Bf8 d4 53. Rb3 Kf7
54. Rb8 Rc1 55. Rd2 Raa1 56. Bb4 Rg1+ 57. Kf3 Rad1 58. Re2 a2 59. Re7+ Kg6 60.
Rbb7 d3 61. Rxg7+ Kf5 62. Rbf7 Be5 63. Rg5+ Ke6 64. Re7+ Kd5 65. Rg8 a1=Q 66.
Rd7+ Kc6 0-1

[Event "1st Thailand Festival"]
[Site "Pattaya THA"]
[Date "2019.07.13"]
[Round "5.16"]
[White "Nguyen, Hoang Duc"]
[Black "Alriyami, Faris Rashid"]
[Result "1-0"]
[WhiteElo "2071"]
[BlackElo "1665"]
[PlyCount "55"]
[EventDate "2019.07.09"]
[EventType "swiss"]
[EventRounds "9"]
[EventCountry "THA"]
[SourceTitle "OM OTB B 201907"]
[Source "Opening Master"]
[SourceDate "2019.07.06"]
[SourceVersion "2"]
[SourceVersionDate "2019.07.06"]
[SourceQuality "1"]

1. e4 c5 2. Nf3 d6 3. d4 cxd4 4. Nxd4 Nf6 5. Nc3 Nc6 6. Be2 e5 7. Nf3 Be7 8.
Bg5 Be6 9. Qd2 Rc8 10. O-O a6 11. Rfd1 Na5 12. Bxf6 gxf6 13. Nd5 Nc4 14. Qb4 b5
15. a4 Bxd5 16. exd5 Rc5 17. axb5 axb5 18. b3 Nb6 19. Bxb5+ Kf8 20. c4 f5 21.
Bc6 Rg8 22. Nxe5 dxe5 23. d6 Bxd6 24. Qxc5 Ke7 25. Rxd6 Qxd6 26. Ra7+ Ke6 27.
Bd5+ Nxd5 28. cxd5+ 1-0

[Event "Villa Tehuelches Open"]
[Site "Villa Tehuelches CHI"]
[Date "2019.07.13"]
[Round "5.4"]
[White "Rodriguez Vila, A."]
[Black "Aguilar, A."]
[Result "1-0"]
[WhiteElo "2492"]
[BlackElo "2338"]
[PlyCount "65"]
[EventDate "2019.07.11"]
[EventType "swiss"]
[EventRounds "7"]
[EventCountry "CHI"]
[SourceTitle "OM OTB B 201907"]
[Source "Opening Master"]
[SourceDate "2019.07.06"]
[SourceVersion "2"]
[SourceVersionDate "2019.07.06"]
[SourceQuality "1"]

1. e4 c5 2. Nf3 Nc6 3. d4 cxd4 4. Nxd4 Nf6 5. Nc3 d6 6. Be2 e5 7. Nf3 h6 8. O-O
Be7 9. Re1 O-O 10. h3 Be6 11. Bf1 Qd7 12. Nd5 Bd8 13. c4 Nh7 14. Be3 Ng5 15.
Nd2 f5 16. exf5 Bxf5 17. c5 Nd4 18. Bc4 Kh8 19. Bxd4 exd4 20. f4 Nxh3+ 21. gxh3
dxc5 22. Nf3 b5 23. Ne5 Qb7 24. Qb3 Rb8 25. Bf1 d3 26. Bg2 c4 27. Qb4 Bh4 28.
Rf1 a5 29. Qxa5 Rbd8 30. Ne3 Qc8 31. Nxf5 Qxf5 32. Qxb5 Rd4 33. Qb6 1-0

[Event "Asian Cities Teams 2019"]
[Site "Dhaka BAN"]
[Date "2019.07.12"]
[Round "3.2"]
[White "Minhazuddin, A."]
[Black "Rajdeep, Sarkar"]
[Result "1/2-1/2"]
[WhiteElo "2312"]
[BlackElo "2369"]
[PlyCount "82"]
[EventDate "2019.07.10"]
[EventType "team"]
[EventRounds "9"]
[EventCountry "BAN"]
[SourceTitle "OM OTB B 201907"]
[Source "Opening Master"]
[SourceDate "2019.07.06"]
[SourceVersion "2"]
[SourceVersionDate "2019.07.06"]
[SourceQuality "1"]
[WhiteTeam "BNSCB Chess Team Dhaka"]
[BlackTeam "Kolkata, India"]

1. e4 c5 2. Nf3 d6 3. d4 cxd4 4. Nxd4 Nf6 5. Nc3 Nc6 6. Be2 e5 7. Nf3 h6 8. O-O
Be7 9. Re1 O-O 10. h3 Be6 11. Bf1 a6 12. Nd5 b5 13. c4 bxc4 14. Bxc4 Na5 15.
Nxf6+ Bxf6 16. Bd5 Rb8 17. Bxe6 fxe6 18. b3 Nc6 19. Ba3 Nd4 20. Nxd4 exd4 21.
Qd3 Qb6 22. Rec1 Rfd8 23. f4 e5 24. fxe5 dxe5 25. Rc4 Rbc8 26. Rac1 Rxc4 27.
Rxc4 Qa5 28. Bc1 Qe1+ 29. Kh2 Bg5 30. Bxg5 hxg5 31. Rc7 Qf2 32. Qc4+ Kh8 33.
Rf7 Qh4 34. Qc7 Re8 35. Qc6 Rd8 36. Qc7 Re8 37. Qc6 Rd8 38. Qg6 Qh6 39. Qf5 Kg8
40. Re7 Qf6 41. Rd7 Rf8 1/2-1/2

[Event "ch-CHN GpB Women 2019"]
[Site "Shaoxing CHN"]
[Date "2019.07.06"]
[Round "10.12"]
[White "Cui, Wen"]
[Black "Sun, Chen"]
[Result "1-0"]
[WhiteElo "1745"]
[BlackElo "1541"]
[PlyCount "79"]
[EventDate "2019.07.02"]
[EventType "swiss"]
[EventRounds "11"]
[EventCountry "CHN"]
[SourceTitle "OM OTB B 201907"]
[Source "Opening Master"]
[SourceDate "2019.07.06"]
[SourceVersion "2"]
[SourceVersionDate "2019.07.06"]
[SourceQuality "1"]

1. e4 c5 2. Nf3 Nc6 3. d4 cxd4 4. Nxd4 Nf6 5. Nc3 d6 6. Be2 e5 7. Nf3 Be7 8.
O-O O-O 9. Be3 h6 10. Bc4 Na5 11. Bb3 Nxb3 12. axb3 b6 13. Qd3 Bb7 14. Rfd1 Qc7
15. Ne1 Qc6 16. f3 Rfd8 17. Nd5 Nxd5 18. exd5 Qd7 19. c4 f5 20. Kh1 Rf8 21. b4
Bh4 22. Nc2 Be7 23. f4 e4 24. Qd2 Rfc8 25. b3 b5 26. Na3 Bf6 27. Rac1 bxc4 28.
bxc4 a5 29. c5 Qa4 30. Nc4 dxc5 31. bxc5 Bd8 32. Nd6 Rc7 33. c6 Ba6 34. Bb6 Re7
35. c7 Bxc7 36. Rxc7 Rxc7 37. Bxc7 Qd7 38. Qxa5 e3 39. Qc5 e2 40. Re1 1-0